000 01775nam a22002657a 4500
999 _c59656
_d59656
003 Ge_BSU
005 20230329164621.0
008 230329s2020 ge ||||| |||| 00| 0 geo d
020 _a9789941084768
041 _ageo
080 _a28 ჰ-21
100 _aჰამიდულლაჰ, მუჰამმედ
_98000
245 _aისლამი = Initiation a I'Islam /
_cმუჰამმედ ჰამიდულლაჰ ; თარგმნა გიორგი კამლაძემ ; მთავარი რედაქტორი ზურაბ მიქელაძე ; თეოლოგიური რედაქტორი უშანგი ბოლქვაძე.
250 _aმეორე გამოცემა
264 _aბათუმი,
_bერქამი,
_c2020.
300 _a414 გვ.
_b20 სმ.
500 _aგარეკანზე ავტორი აღნიშნული არ არის.
501 _aწიგნი გამოცემულია საქართველოს ახალგაზრდებზე დახმარების ასოციაციის მიერ, სრულიად საქართველოს მუსლიმთა სამმართველოს ინიციატივით.
653 _aისლამი
653 _aრელიგია
700 _aკამლაძე, გიორგი
_eმთარგმნელი
_917347
700 _aმიქელაძე, ზურაბ
_eმთვარი რედაქტორი
_917348
700 _aბოლქვაძე, უშანგი
_eთეოლოგიური რედაქტორი
_917349
942 _2udc
_cBK